Děti v lese & jiné básně : autorský výbor prací z let 1982-2003 /

Hlavní autor: Zahradník, Michal, 1963-
Další autoři: Zahradník, Dobromil, 1925-1991
Jazyk: Čeština
Vydáno: Pardubice : Terra Madoda, 2006
Vydání: Vyd. 1.
Témata:
Fyzický popis: 92 s. : il. ; 22 cm
Knihy
Uloženo v:
LEADER 01251nam a2200373 a 4500
001 nkc20061697023
003 CZ PrNK
005 20070321085934.0
007 ta
008 061109s2006 xr a g 000 p cze
015 |a cnb001697023 
020 |a 80-239-8211-7  |q (brož.) 
035 |a (OCoLC)124087035 
040 |a OLA001  |b cze  |d ABA001 
072 7 |a 821.162.3-1  |x Česká poezie  |2 Konspekt  |9 25 
080 |a 821.162.3-1  |2 MRF 
080 |a (0:82-1)  |2 MRF 
080 |a (082.21)  |2 MRF 
100 1 |a Zahradník, Michal,  |d 1963-  |7 mzk2007377469  |4 aut 
245 1 0 |a Děti v lese & jiné básně :  |b autorský výbor prací z let 1982-2003 /  |c Michal Zahradník ; s kresbami Dobromila Zahradníka 
250 |a Vyd. 1. 
260 |a Pardubice :  |b Terra Madoda,  |c 2006 
300 |a 92 s. :  |b il. ;  |c 22 cm 
500 |a 300 výt. 
655 7 |a česká poezie  |7 fd133958  |2 czenas 
655 7 |a výbory  |7 fd133853  |2 czenas 
655 9 |a Czech poetry  |2 eczenas 
655 9 |a selected works  |2 eczenas 
700 1 |a Zahradník, Dobromil,  |d 1925-1991  |7 jn20000728828  |4 ill 
910 2 |a BOA001  |b 2-1180.250 
990 |a BK 
995 |a 01 
991 |b 200702 
996 6 |b 2610299205  |c 2-1180.250  |l MZK  |r Sklad / do 1 hodiny  |n 1  |p p.v.  |w 000837934  |u 000010  |a 1  |e BOA001  |j MZK50  |s P